000 00903nam a22002177a 4500
010 _a1617CH-EN
020 _a9789384225490
_c175.00
035 _aB-643604-627
035 _aB-664674
037 _aDPL
_bBSB/Ven.
082 _aS
100 _aCarroll, Lewis
245 _aThrough the looking glass /
_cby Lewis Carroll
260 _aNew Delhi
_bOm Kidz
_c2015
270 _a4379/4B, Prakash House, Ansari Road,
_bNew Delhi
_e110002
300 _a240p.:
_bill.
_c20cm(Hb)
490 _aOm Illustrated Classics
942 _2ddc
_cCH
_mCAR
_hS
999 _c100370
_d100370